| 000 | 01196cad a22002055a 4500 | ||
|---|---|---|---|
| 001 | L155645 | ||
| 008 | 120329e2012 xxk 000 0 eng d | ||
| 035 | _a(Sirsi) u155645 | ||
| 041 | 0 | _aeng | |
| 100 | 1 | _aMartindale, Nick | |
| 245 | 0 | 4 |
_aThe ticking bomb _h[electronic resource] |
| 260 |
_a[S.I.]bBIFM _c2012 |
||
| 490 | 0 |
_aFM World Online _v22 March 2012 |
|
| 520 | _aRecent research by the British Institute of Facilities Management (BIFM) and Gensler points to the worrying conclusion that within 10 years the profession will lose most of its oldest and wisest facilities managers. This future shortfall is the most important issue facing the industry in the short and medium term. The profession is slowly waking up to the urgent need to attract new high-quality entrants into FM. An evolution in FM skills will be necessary over the next decade with a move towards 'workplace managers' who would demonstrate a far greater emphasis on the softer skills. | ||
| 590 | _aKA | ||
| 651 | 4 | _aUnited Kingdom | |
| 690 |
_aFacilities management _96240 |
||
| 856 | 4 | 0 |
_uhttps://www.fm-world.co.uk/features/feature-articles/the-ticking-bomb/ _zView the article at www.fm-world.co.uk |
| 942 | _n0 | ||
| 999 |
_c83889 _d83889 |
||